00872nam a2200289Ia 4500008004000000020001500040041000800055082001600063100001300079245007500092260005400167300001200221650000800233650001300241650001300254650001000267650001700277650001100294650000600305650001200311650001300323650000800336690001800344906001100362999001900373952019000392210210b2014 xxu||||| |||| 00| 0 eng d a8180440966 aeng a032.02 ALAK aALAM (M) aKumars UGC NET/JRF/SET: Teaching and Research Aptitude General Paper I aNew DelhibVee Kumar Publications Pvt. Ltd.c2014 axii,478 aUGC aTeaching aResearch aPaper aNET/JRF/SET: aKumars aI aGeneral aAptitude aand aUGC/NET Exams a068448 c152572d152572 001040708Competitive ExamsaALbALcGenerald2021-02-17eSapna Book House Pvt Ltd, K S Rao Road, Mangalore-575001g340.00l0o032.02 ALAKp068448r2021-02-17 00:00:00w2021-02-17yBK